| 000 | 00786nam a2200217 a 4500 | ||
|---|---|---|---|
| 005 | 20210223124218.0 | ||
| 008 | 010622s1995 es r 000 0 spa d | ||
| 020 | _a8437023157 | ||
| 035 | _aUPN01000108866 | ||
| 049 | _aCE | ||
| 050 | 4 |
_aZ695.92 _bL3.3 |
|
| 100 | 1 |
_aLancaster, Frederick Wilfrid, _d1933-2013 _928938 |
|
| 245 | 1 | 3 |
_aEl control del vocabulario en la recuperación de información / _cFrederick Wilfrid Lancaster ; tr. Alejandro de la Cueva Martín. |
| 260 |
_aValencia : _bUniversitat de València, _c1995. |
||
| 300 |
_a286 p. : _bil. |
||
| 440 | 0 |
_aEducació : materials ; _v12 |
|
| 650 | 4 |
_aINDIZACION AUTOMATIZADA _9613 |
|
| 650 | 4 |
_aSISTEMAS DE ALMACENAMIENTO Y RECUPERACION DE INFORMACION _96288 |
|
| 650 | 4 |
_aENCABEZAMIENTOS DE MATERIA _914358 |
|
| 905 | _aLibro | ||
| 999 |
_c82777 _d82777 |
||